01347nam a22002417a 450000500170000000800410001702000180005804000090007604100080008508200210009310000180011424500830013226000430021530000330025836500430029144000100033452006690034452100060101365000280101965000150104770000200106270000230108220220528091328.0220524b ||||| |||| 00| 0 eng d a9788122004032 cAloy aeng 223a954.04bCHOC aP N Chopra Ed aCollected works of Sardar Vallabhbhai Patel Vol.VI 1 January 1936-30 June 1937 aDelhibKonark Publishers Pvt Ltdc1995 axxxviii,,268p.bHBc25x19cm. 2Political Scienceb500.00c₹d500.00 vVol.6 aAbout the Book: The Collected Works of Sardar Vallabhbhai Patel: Volume VI (1 January 1936-30 June 1937): 2nd Edition Volume VI (January 1936-June 1937) describes how Sardar Patel, as Chairman of the Congress Parliamentary Committee, played a pivotal role in the General Assembly elections. The victory of the Congress Party in the 1937 elections owes a lot to the Herculean efforts put in by Patel. The Congress Working Committee placed on record its appreciations of "the ability, resourcefulness and energy with which the CPP President guided the affairs of the Committee and organized the stupendous work of elections in the country with such unique success".  a. aVallabbhai to Mathurdas aMinorities aCHOPRA (P N) Ed aCHOPRA (Prabha) Ed